header

Remaking the conquering heroes (Record no. 23003)

MARC details
000 -LEADER
fixed length control field 01388nam a2200325Ia 4500
100 1# - MAIN ENTRY--AUTHOR NAME
Personal name Willoughby, John,
245 10 - TITLE STATEMENT
Title Remaking the conquering heroes
260 ## - PUBLICATION, DISTRIBUTION, ETC. (IMPRINT)
Place of publication New York :
Name of publisher Palgrave,
Year of publication 2001.
300 ## - PHYSICAL DESCRIPTION
Number of Pages xiii, 187 p. :
Other physical details ill.
650 #0 - SUBJECT ADDED ENTRY--TOPICAL TERM
Topical Term Sociology, Military
856 40 - ELECTRONIC LOCATION AND ACCESS
Uniform Resource Identifier http://site.ebrary.com/lib/rucke/Doc?id=10023007

No items available.

© 2026 Rongo University
Contact us: librarian | system librarian | Rongo university